Exploration and measurement of student teachers' views of professionals and professional self-concept

Elmentve itt :
Bibliográfiai részletek
Szerzők: Hercz Mária
Koltói Lilla
Testületi szerző: Pedagógiai Értékelési Konferencia (13.) (2015) (Szeged)
Dokumentumtípus: Könyv része
Megjelent: 2015
Sorozat:Pedagógiai Értékelési Konferencia 13
Kulcsszavak:Felsőoktatás - előadáskivonat, Tanárképzés - előadáskivonat
Online Access:http://acta.bibl.u-szeged.hu/61270
LEADER 00789naa a2200193 i 4500
001 acta61270
005 20260224081030.0
008 190911s2015 hu o 100 eng d
040 |a SZTE Egyetemi Kiadványok Repozitórium  |b hun 
041 |a eng 
100 1 |a Hercz Mária 
245 1 0 |a Exploration and measurement of student teachers' views of professionals and professional self-concept  |h [elektronikus dokumentum] /  |c  Hercz Mária 
260 |c 2015 
300 |a 148 
490 0 |a Pedagógiai Értékelési Konferencia  |v 13 
695 |a Felsőoktatás - előadáskivonat, Tanárképzés - előadáskivonat 
700 0 1 |a Koltói Lilla  |e aut 
710 |a Pedagógiai Értékelési Konferencia (13.) (2015) (Szeged) 
856 4 0 |u http://acta.bibl.u-szeged.hu/61270/1/pek_2015_148.pdf  |z Dokumentum-elérés